| 000 | 01739nam a2200229Ia 4500 | ||
|---|---|---|---|
| 999 |
_c51662 _d51662 |
||
| 001 | 18653 | ||
| 003 | GE_BSU | ||
| 005 | 20220920111134.0 | ||
| 008 | 181216s2012||||ge |||||||||||||| ||geo|| | ||
| 040 | _cGE_BSU | ||
| 041 | _ageo | ||
| 080 | _a378 ნ-21 | ||
| 100 |
_aნაკაშიძე - მახარაძე, თათია _911699 |
||
| 245 |
_aუცხოური ენის, როგორც მეორე ენის სწავლება / სწავლის მიმართულების "კულტურათა დიალოგის ასახვა უმაღლესი სკოლის საგანმანათლებლო პროგრამებში'' : დისერტაცია / _cთათია ნაკაშიძე - მახარაძე; სამეცნიერო ხელმძღვანელი ც. მეგრელაძე; ბათუმის შოთა რუსთაველის სახ-ფო უნ-ტი. |
||
| 264 |
_aბათუმი, _c2012. |
||
| 300 |
_a186 გვ.; _b30 სმ. |
||
| 653 | _aდისერტაცია | ||
| 653 | _aპედაგოგიკა | ||
| 653 | _aუცხოური ენის, როგორც მეორე ენის სწავლება / სწავლის მიმართულების "კულტურათა დიალოგის ასახვა უმაღლესი სკოლის საგანმანათლებლო პროგრამებში'' | ||
| 700 |
_aმეგრელაძე, ც. _eსამეცნიერო ხელმძღვანელი _911700 |
||
| 942 |
_cBK _2udc |
||